03889cam a22003378a 45000010009000000050017000090080041000260100017000670200043000840820017001272450116001442460043002602500084003032600046003873000021004335040041004545052193004956500033026886530020027217000028027417000028027697000028027977000035028259420012028609990017028729520131028899520131030209520131031519520142032829520127034241709770520130317145818.0111223s2013 mou b 000 0 eng  a 2011053083 a9780323083331 (hardcover : alk. paper)00a617223bSTU00aSturdevant's Art and Science of Operative Dentistry /cHarald O. Heymann, Edward J. Swift Jr., Andre V. Ritter.1 aArt and science of operative dentistry a6th ed. /b[edited by] Harald O. Heymann, Edward J. Swift Jr., Andre V. Ritter. aSt. Louis, Mo. :bElsevier/Mosby,cc2013. a29 p. ;c548 cm. aIncludes bibliographical references.0 aClinical significance of dental anatomy, histology, physiology, and occlusion / Lee W. Boushell, John R. Sturdevant -- Dental caries : etiology, clinical characteristics, risk assessment, and management / Andre V. Ritter, Terrence E. Donovan, R. Scott Eidson -- Patient assessment, examination and diagnosis, and treatment planning / R. Scott Eidson, Daniel A. Shugars -- Fundamental concepts of enamel and dentin adhesion / Jorge Perdigao, Edward J. Swift Jr., Ricardo Walter -- Fundamentals in tooth preparation and pulp protection / Lee W. Boushell, Theodore M. Roberson, Ricardo Walter -- Instruments and equipment for tooth preparation / Terrence E. Donovan, R. Scott Eidson -- Preliminary considerations for operative dentistry / Lee W. Boushell, Ricardo Walter, Aldridge D. Wilder Jr. -- Introduction to composite restorations / Harald O. Heymann, Andre V. Ritter, Theodore M. Roberson -- Class III, IV, and V direct composite and glass ionomer restorations / Andre V. Ritter, Ricardo Walter, Theodore M. Roberson -- Class I, II, and VI direct composite restorations and other tooth-colored restorations / Andre V. Ritter, Ricardo Walter, Theodore M. Roberson -- Class I and II indirect tooth-colored restorations / Edward J. Swift Jr., John R. Sturdevant, Lee W. Boushell -- Additional conservative esthetic procedures / Harald O. Heymann -- Introduction to amalgam restorations / Lee W. Boushell, Terrence E. Donovan, Theodore M. Roberson -- Class I, II, and VI amalgam restorations / Lee W. Boushell, Theodore M. Roberson, Aldridge W. Wilder Jr. -- Class III and V amalgam restorations / Lee W. Boushell, Theodore M. Roberson, Aldridge W. Wilder Jr. -- Complex amalgam restorations / Lee W. Boushell, Aldridge W. Wilder Jr. -- Class II cast metal restorations / John R. Sturdevant -- Biomaterials / Stephen C. Bayne, Jeffrey Y. Thompson -- Infection control / Ralph H. Leonard Jr., James J. Crawford -- Pain control for operative dentistry / Aldridge D. Wilder Jr. -- Bonded splints and bridges / Harald O. Heymann -- Direct gold restorations / Gregory E. Smith -- Additional information on instruments and equipment for tooth preparation / Terrence E. Donovan, R. Scott Eidson.12aDentistry, Operative.932868 bDentcMarch20131 aHeymann, Harald.9328691 aSwift, Edward J.9328701 aRitter, Andre V.9328711 aSturdevant, Clifford M.932872 2ddccBB c17369d17341 00102ddc40708BaccahaMAINbMAINc1STd2013-03-17epurchasel5m43o617 STUp000028508r2025-07-15 00:00:00s2020-02-26yBB 00102ddc40708BaccahaMAINbMAINc1STd2013-03-17epurchasel1m20o617 STUp000028509r2025-07-15 00:00:00s2019-10-07yBB 00102ddc40708BaccahaMAINbMAINc1STd2013-03-17epurchasel1m43o617 STUp000028510r2025-07-15 00:00:00s2017-04-02yBB 00102ddc40708BaccahaMAINbMAINc1STd2013-03-17epurchasel2m8o617 STUp000028511q2016-11-03r2016-02-01 00:00:00s2016-02-01yBB 00102ddc40708BaccahaMAINbMAINc1STd2013-03-17epurchasel1o617 STUp000028512r2025-07-15 00:00:00s2018-04-22yBB